Política económica y deuda externa en América Latina

El objetivo central es el análisis de las relaciones existentes entre la adopción de políticas económicas monetarias en el Cono Sur específicamente en Argentina, Chile y Uruguay; también se presentan los actuales problemas que plantea la deuda externa en América Latina. El trabajo investiga los con...

Повний опис

Збережено в:
Бібліографічні деталі
Автор: García Menéndez, José Ramón (Autor)
Формат: Книга
Мова:Spanish
Опубліковано: Madrid, España IEPALA Editorial ; Universidad de Santiago de Compostela 1989
Серія:Textos
Предмети:
Теги: Додати тег
Немає тегів, Будьте першим, хто поставить тег для цього запису!

MARC

LEADER 00000nam a22000007a 4500
003 cru CIDCACS/IIS
005 20200507151613.0
008 180518b1989 sp d||||||||||||||0 spa||
999 |c 41436  |d 41436 
020 |a 84-85436-66-0 
040 |c cru CIDCACS/IIS 
090 |a 11.03.01 G216p 
100 1 |9 7221  |a García Menéndez, José Ramón  |e Autor 
245 1 0 |a Política económica y deuda externa en América Latina  |c José Ramón García Menéndez 
260 |a Madrid, España  |b IEPALA Editorial ;   |b Universidad de Santiago de Compostela  |c 1989 
300 |a 430 páginas:  |b tablas 
440 |9 7222  |a Textos  |n  11 
500 |a Colección Alforja 
520 |a El objetivo central es el análisis de las relaciones existentes entre la adopción de políticas económicas monetarias en el Cono Sur específicamente en Argentina, Chile y Uruguay; también se presentan los actuales problemas que plantea la deuda externa en América Latina. El trabajo investiga los contenidos de la nueva política económica monetaria en una economía periférica como la latinoamericana y su exigencia previa e imprecindible del contexto autoritario, es decir, la garantía política de que en un marco histórico concreto queda prácticamente excluída la oposición del cuerpo social a su aplicación. Agrega que las actuales políticas neoliberales aplicadas en la periferia latinoamericana refuerzan los procesos de dependencia económica y política de América Latina con el capitalismo central. El trabajo hace énfasis en el análisis de los parámetros endógenos y exógenos de la crisis económica de América Latina relacionada con el protagonismo creciente de la deuda externa; de allí que se estudien la estructura y la evolución del endeudamiento latinoamericano sobresaliendo la influencia de las políticas monetarias en una dinámica que llevan a continuas reprogramaciones y a la proposición ortodoxa de políticas de ajuste que parecen ignorar, de una u otra forma la herencia política y económica del modelo de apertura implementado en el Cono Sur. OB/MR 
650 1 7 |9 2655  |a POLITICA ECONOMICA 
650 1 4 |9 1935  |a RECESION ECONOMICA 
650 1 7 |9 1839  |a DEUDA EXTERNA 
650 1 0 |9 4683  |a CREDITO 
650 1 0 |9 95  |a EXPORTACIONES 
650 1 0 |9 1771  |a TASA DE INTERES 
650 1 0 |9 1550  |a TIPO DE CAMBIO 
650 1 4 |9 1841  |a PRODUCTO INTERNO BRUTO 
650 1 4 |9 3225  |a PRECIOS 
650 1 4 |9 1844  |a DESEMPLEO 
650 1 4 |9 2660  |a BALANZA DE PAGOS 
650 1 4 |9 1843  |a IMPORTACIONES 
651 1 0 |9 17  |a AMERICA LATINA 
942 |2 ddc  |c LI